| 000 | 01033nam a2200265 a 4500 | ||
|---|---|---|---|
| 001 | 000024060 | ||
| 003 | DO-SdBNP | ||
| 005 | 20240315194505.0 | ||
| 007 | ta | ||
| 008 | 110118e2010 dr ac gr 000 0 spa d | ||
| 020 | _a9789945163681 | ||
| 040 |
_aDO-SdBNP _bspa _cBNPHU |
||
| 082 | 4 |
_bP387a _222 |
|
| 100 | 1 |
_aPellerano Morilla, Fernando _98482 |
|
| 245 | 1 | 3 |
_aUn análisis crítico a la estrategia nacional de desarrollo 2010-2030: _bconferencia de ingreso a la Academia de Ciencias de la República Dominicana. 16 de septiembre, 2010. / _cFernando Pellerano Morilla; Presentación, Carlos Despradel |
| 260 |
_aSanto Domingo : _bAcademia de Ciencias de la República Dominicana, _c2010 |
||
| 300 |
_a27 p. : _bil., retr. ; _c21 cm. |
||
| 500 | _aIncluye notas al pie de las páginas. | ||
| 500 | _aIncluye biografía del autor en las páginas 3 - 5 | ||
| 504 | _aBibliografía : p. 25-27 | ||
| 590 | _aInventariado 2022 / MF | ||
| 700 | 1 | 2 |
_aDespradel, Carlos _d1942- _epresent. _99280 |
| 910 | _aMFeliz | ||
| 942 |
_2ddc _cLF2 |
||
| 999 |
_c23555 _d23555 |
||